Welcome to WEB OPAC of MRSPTU Central Library

Rediation detection and measurment (Record no. 5787)

MARC details
000 -LEADER
fixed length control field 00406nam a2200169Ia 4500
008 - FIXED-LENGTH DATA ELEMENTS--GENERAL INFORMATION
fixed length control field 230711s9999||||xx |||||||||||||| ||und||
020 ## - INTERNATIONAL STANDARD BOOK NUMBER
International Standard Book Number 978-0-470-13148-0
041 ## - LANGUAGE CODE
Language code of text/sound track or separate title ENG
082 ## - DEWEY DECIMAL CLASSIFICATION NUMBER
Classification number 539.77
Item number KN-R
100 ## - MAIN ENTRY--PERSONAL NAME
Personal name Knoll, Glenn F
245 #0 - TITLE STATEMENT
Title Rediation detection and measurment
250 ## - EDITION STATEMENT
Edition statement 4th Ed.
260 ## - PUBLICATION, DISTRIBUTION, ETC.
Date of publication, distribution, etc. 2010
Place of publication, distribution, etc. New Delhi
Name of publisher, distributor, etc. Wiley & Sons
300 ## - PHYSICAL DESCRIPTION
Extent 830p.
650 ## - SUBJECT ADDED ENTRY--TOPICAL TERM
Topical term or geographic name entry element Physics
942 ## - ADDED ENTRY ELEMENTS (KOHA)
Koha item type Book
Holdings
Withdrawn status Lost status Damaged status Not for loan Collection Home library Current library Date acquired Cost, normal purchase price Inventory number Total checkouts Full call number Barcode Date last seen Price effective from Koha item type
          MRSPTU Central Library MRSPTU Central Library   250.00 49642484   539.77 KN-R 31222 08/17/2023 08/17/2023 Book
          MRSPTU Central Library MRSPTU Central Library   250.00 49642484   539.77 KN-R 31223 08/17/2023 08/17/2023 Book

Website Designed and Developed by MRSPTU Central Library Team

E-mail Id: librarian@mrsptu.ac.in